000 00293nam a22001337a 4500
008 181121b xxu||||| |||| 00| 0 eng d
020 _a9780137012329
041 _aeng
080 _a370
100 _a49
101 _aEDU
245 _aIntroduction To Teaching
_cPaul.E
942 _2udc
_cBK
999 _c52302
_d52302